MyGO!!!!!の曲サドンデス - Statistics

General Stats
  • This quiz has been taken 50 times
  • The average score is 18 of 23
Answers on the Grid
Answers color-coded by a green-red scale on the quiz's grid according to % correct below.
名無声
明弦音
敏音知
極彩色
回層浮
霧周途
壱雫空
美羽烏
振動覚
残痕字
温根沼
焚音打
泣声夜
春日影
往欄印
不来方
誰我為
迷星叫
月光花
無路矢
端程山
羅針盤
浮石糖
歌志内
歩拾道
多分風
風会瀬
音一会
過惰幻
泥障作
影色舞
可視海
詩超絆
孤壊牢
長流枝
喜友名
夜隠染
砂寸奏
世名城
片無去
輪符雨
留夜別
脳騒曲
静降想
処救生
 
Answer Stats
Answer % Correct
1stアルバム「迷跡波」収録。一応MyGO!!!!!の曲として扱うことにした 春日影
89%
1stシングルB面。読みはなもなき 名無声
87%
3rdシングル。読みはひとしずく 壱雫空
87%
1stシングル。読みはまよいうた 迷星叫
87%
3rdシングルB面。読みはたねび 焚音打
84%
2ndシングルB面。読みはシルエットダンス 影色舞
84%
4thシングル。読みはマップ 回層浮
82%
1stアルバム収録。読みはのろし 無路矢
82%
2ndアルバム収録。読みはスピード 歩拾道
82%
7thシングルB面。読みはページ 残痕字
79%
7thシングル。読みはおうらい 往欄印
79%
5thシングル。読みはパノラマ 端程山
79%
2ndシングル。読みはおといちえ 音一会
79%
1stアルバム収録。読みはうたことば 詩超絆
79%
5thシングルB面。読みはリフレイン 輪符雨
79%
4thシングルB面。読みはこきゅう 処救生
79%
2ndアルバム収録。読みはアゲイン 明弦音
76%
4thシングル。読みはさすらい 砂寸奏
76%
2ndアルバム収録。読みはあだゆめ 過惰幻
74%
5thシングルB面。読みはこころ 孤壊牢
74%
8thシングル。読みはサイレント 静降想
74%
2ndアルバム収録。読みはミスト 霧周途
68%
読みはよかぜ2ndアルバム収録。読みはよかぜ 夜隠染
66%
No matching quizzes found
Score Distribution
Percent of People with Each Score
Percentile by Number Answered
Your Score History
You have not taken this quiz